[Event "Baden-Baden op"]
[Site "Baden-Baden"]
[Date "1991.??.??"]
[Round "7"]
[White "Maahs, Erich"]
[Black "Schmidt Schaeffer, Sebastian"]
[Result "0-1"]
[WhiteElo "2310"]
[BlackElo "2280"]

1.e4 d6 2.d4 Nf6 3.Nc3 Nbd7 4.Nf3 e5 5.Bc4 Be7 6.O-O O-O 7.h3 c6 8.a4 b6
9.Be3 a6 10.Nd2 Bb7 11.Qe2 b5 12.Bb3 exd4 13.Bxd4 b4 14.Nd1 c5 15.Bxf6 Bxf6
16.Nc4 Ne5 17.a5 Nxc4 18.Qxc4 Qe7 19.f3 Bd4+ 20.Kh1 Qh4 21.Qd3 Qf4 22.Qe2 Be5
23.g4 g6 24.c3 h5 25.Rg1 Kg7 26.gxh5 Rh8 27.Rg4 Qh6 28.Nf2 Qxh5 29.Rag1 Bc8
30.R4g3 Bxg3 31.Rxg3 Qe5 32.Kg2 bxc3 33.bxc3 Rb8 34.Bd5 Qxc3 35.f4 Rb2 36.Qf1 Bxh3+  0-1

[Event "Baku"]
[Site "Baku"]
[Date "1991.??.??"]
[Round "?"]
[White "Sofieva, Ainur"]
[Black "Magomedov, Magaram"]
[Result "1-0"]
[WhiteElo "2390"]
[BlackElo "2470"]

1.e4 d6 2.d4 Nf6 3.Nc3 c6 4.f4 Qa5 5.Bd2 e5 6.dxe5 dxe5 7.f5 Qb4 8.a3 Qxb2
9.Nf3 Qb6 10.Nxe5 Bc5 11.Qf3 Bd4 12.Nc4 Qc5 13.Bf4 Bxc3+ 14.Qxc3 Nxe4 15.Qxg7 Qf2+
16.Kd1 Qxf4 17.Qxh8+ Ke7 18.Bd3 Nf2+ 19.Ke2 Nxh1 20.Rf1 Qg4+ 21.Kd2 Qxg2+
22.Kc3 Kd7 23.Re1 b5 24.Qe5  1-0

[Event "BUL-ch (Women)"]
[Site "Bankia"]
[Date "1991.??.??"]
[Round "3"]
[White "Savova, Stefka"]
[Black "Ilieva, Hristina"]
[Result "1-0"]
[WhiteElo "2155"]
[BlackElo "2190"]

1.e4 d6 2.d4 Nf6 3.Nc3 c6 4.f3 e5 5.dxe5 dxe5 6.Qxd8+ Kxd8 7.Bc4 Be6 8.Bxe6 fxe6
9.Nh3 h6 10.Nf2 Nbd7 11.Nd3 Kc7 12.Be3 Bd6 13.O-O-O Rhf8 14.Rd2 Rad8 15.Na4 b6
16.Rhd1 Nb8 17.b4 Nfd7 18.Ndb2 Kb7 19.Nc4 Bc7 20.Nab2 b5 21.Nd6+ Ka8 22.a4 bxa4
23.Nxa4 Na6 24.b5 Bxd6 25.Rxd6  1-0

[Event "BUL-chT"]
[Site "Bankia"]
[Date "1991.??.??"]
[Round "4"]
[White "Ninov, Nikolai"]
[Black "Andonov, Bogomil"]
[Result "1/2-1/2"]
[WhiteElo "2390"]
[BlackElo "2365"]

1.e4 d6 2.d4 Nf6 3.Nc3 Nbd7 4.Nf3 e5 5.Bc4 Be7 6.O-O O-O 7.Re1 c6 8.a4 Qc7
9.a5 Rb8 10.Bg5 h6 11.Bh4 b5 12.axb6 axb6 13.d5 b5 14.dxc6 Qxc6 15.Nd5 Bd8
16.Bb3 Nxd5 17.Bxd5 Qc7 18.Re3 Bxh4 19.Nxh4 Nf6 20.Rc3 Qd8 21.Nf5  1/2-1/2

[Event "Bardejov"]
[Site "Bardejov"]
[Date "1991.??.??"]
[Round "?"]
[White "Salai, Ladislav"]
[Black "Lazic, Miroljub"]
[Result "1-0"]
[WhiteElo "2380"]
[BlackElo "2400"]

1.e4 d6 2.d4 Nf6 3.Nc3 c6 4.Bg5 Qb6 5.Rb1 g6 6.h3 Bg7 7.Nf3 h6 8.Be3 O-O
9.Qd2 Kh7 10.Bc4 e6 11.O-O d5 12.e5 dxc4 13.exf6 Bxf6 14.Bxh6 Bg7 15.Bxg7 Kxg7
16.Ne5 f6 17.Nxc4 Qb4 18.Ne3 Rd8 19.Ng4 Qf8 20.Ne4 Nd7 21.Rfe1 Kg8 22.Qf4 f5
23.Nh6+ Kg7 24.Ng5 Nf6 25.Qc7+  1-0

[Event "Bardejov"]
[Site "Bardejov"]
[Date "1991.??.??"]
[Round "?"]
[White "Gipslis, Aivars"]
[Black "Titov, German"]
[Result "1-0"]
[WhiteElo "2465"]
[BlackElo "2480"]

1.e4 d6 2.d4 Nf6 3.Nc3 c6 4.f4 g6 5.Nf3 Bg7 6.Be3 O-O 7.Qd2 b5 8.Bd3 Nbd7
9.O-O Ng4 10.a4 b4 11.Nd1 a5 12.f5 Nxe3 13.Nxe3 c5 14.c3 cxd4 15.cxd4 Bb7
16.Ng4 Nf6 17.Nxf6+ Bxf6 18.Qh6 e6 19.fxe6 fxe6 20.Qh3 Qe7 21.Rae1 Rac8 22.Qg4 Bc6
23.Bc4 Bd7 24.b3 Bg7 25.h4 Kh8 26.h5 gxh5 27.Qxh5 Qe8 28.Qxa5 Qg6 29.Qxb4 Rxf3
30.Rxf3 Bxd4+ 31.Kf1 Qh6 32.Qxd6 Qh1+ 33.Ke2 Qxg2+ 34.Kd3 Qxf3+ 35.Kxd4 Qf2+
36.Re3 Qb2+ 37.Kd3 Bxa4 38.Qd4+ Qxd4+ 39.Kxd4 Bd7 40.Ke5 Rc6 41.Rd3 Bc8 42.Kf6 h5
43.e5 Kh7 44.Rd8 Ba6 45.Rd6 Rxc4 46.bxc4 Bxc4 47.Kg5 h4 48.Rd7+  1-0

[Event "Bardejov"]
[Site "Bardejov"]
[Date "1991.??.??"]
[Round "?"]
[White "Gizynski, Tomasz"]
[Black "Titov, German"]
[Result "0-1"]
[WhiteElo "2335"]
[BlackElo "2480"]

1.e4 d6 2.d4 Nf6 3.Nc3 c6 4.a4 Qa5 5.Bd3 e5 6.dxe5 dxe5 7.h3 Bb4 8.Bd2 Be6
9.Nf3 h6 10.O-O Nbd7 11.Qe2 O-O 12.Nb1 Bxd2 13.Qxd2 Qc7 14.Qc3 a5 15.Nbd2 Rfe8
16.Rfe1 Qd6 17.Nc4 Bxc4 18.Qxc4 Qb4 19.Qa2 Nc5 20.c3 Qb6 21.Bc2 Rad8 22.Rab1 Nd3
23.Bxd3 Rxd3 24.Qc4 Rd7 25.b4 Nh5 26.Rbd1 Rxd1 27.Rxd1 Nf6 28.g3 Qa7 29.Rb1 axb4
30.Rxb4 Re7 31.Kg2 Qa5 32.Rb2 g6 33.Rd2 Kg7 34.Rb2 Qc7 35.Ra2 Qa5 36.Rb2 Ne8
37.Rd2 Qc7 38.Qc5 Nf6 39.Qc4 Re8 40.Rb2 Ra8 41.Qb4 Ra5 42.Nd2 b5 43.axb5 Rxb5
44.Qa3 Qd7 45.c4 Rxb2 46.Qxb2 Qd3 47.c5 Nd7 48.Qb4 Qc2 49.Nf3 Nxc5 50.Nxe5 Nxe4
51.Qd4 c5 52.Qe3 Nf6 53.Nd3 c4 54.Nc5 Qb2 55.Qe7 Qb6 56.Qe5 Qc6+ 57.Kg1 Qf3
58.Qe7 Qd5 59.Qe3 h5 60.Kh2 Qf5 61.Kg2 Qd5+ 62.Kg1 Kg8 63.Kh2 Qc6 64.Kg1 Nd5
65.Qd4 c3 66.Nd3 c2 67.Kh2 Nc3 68.Nc1 Qf3 69.Qd8+ Kh7 70.Qd2 Ne4 71.Qe3 Qxf2+
72.Qxf2 Nxf2 73.Kg2 Ne4 74.Kf3 Ng5+  0-1

[Event "Bardejov"]
[Site "Bardejov"]
[Date "1991.??.??"]
[Round "?"]
[White "Salai, Ladislav"]
[Black "Titov, German"]
[Result "0-1"]
[WhiteElo "2380"]
[BlackElo "2480"]

1.e4 d6 2.d4 Nf6 3.Nc3 c6 4.Bg5 Nbd7 5.Nf3 e5 6.Bd3 Be7 7.O-O O-O 8.a4 a5
9.Re1 Qb6 10.Bc4 h6 11.Bc1 Re8 12.b3 Bf8 13.Ba3 exd4 14.Qxd4 Qxd4 15.Nxd4 Nb6
16.Bf1 d5 17.Bxf8 Kxf8 18.e5 Nfd7 19.e6 Nc5 20.exf7 Rxe1 21.Rxe1 Kxf7 22.Nce2 Bd7
23.Nf4 Re8 24.Rxe8 Kxe8 25.Bd3 Kf7 26.Nf3 g5 27.Ne5+ Kf6 28.Nxd7+ Nbxd7 29.Nh5+ Ke5
30.Bg6 Nf8 31.Bf7 Kd4 32.c4 dxc4 33.Bxc4 Nxa4 34.f4 gxf4 35.Nxf4 Nc5 36.Ne2+ Ke3
37.Kf1 Nfe6 38.h4 b5 39.Bxe6 Nxe6 40.g4 a4 41.bxa4 bxa4 42.Ke1 a3 43.Nc1 Kf3  0-1

[Event "Pan American"]
[Site "Bariloche"]
[Date "1991.??.??"]
[Round "7"]
[White "Watanabe, Roberto"]
[Black "Scarella, Enrique"]
[Result "1/2-1/2"]
[WhiteElo "2275"]
[BlackElo "2245"]

1.e4 d6 2.d4 Nf6 3.Nc3 e5 4.Nf3 Nbd7 5.Bc4 Be7 6.O-O O-O 7.Re1 c6 8.a4 a5
9.Ba2 exd4 10.Nxd4 Nc5 11.Qf3 Nfd7 12.Nf5 Ne5 13.Nxe7+ Qxe7 14.Qg3 Be6 15.f4 Ned7
16.Nd5 cxd5 17.exd5 Qf6 18.dxe6 fxe6 19.Bd2 d5 20.Bc3 Qh6 21.Rad1 Rf7 22.Bd2 Qf6  1/2-1/2

[Event "Beijing op"]
[Site "Beijing"]
[Date "1991.??.??"]
[Round "1"]
[White "Wang Pin"]
[Black "Malaniuk, Vladimir P"]
[Result "1/2-1/2"]
[WhiteElo "2220"]
[BlackElo "2500"]

1.e4 d6 2.d4 Nf6 3.Nc3 c6 4.f4 Qa5 5.Bd3 e5 6.dxe5 dxe5 7.Nf3 Bg4 8.h3 Bxf3
9.Qxf3 Nbd7 10.f5 Qc7 11.Bd2 a5 12.g4 Nc5 13.Be2 Nfd7 14.g5 b5 15.Nd1 Na4
16.O-O h6 17.g6 f6 18.Kh2 Bd6 19.Nf2 Ndc5 20.b3 Nb6 21.Rad1 Nb7 22.Ng4 Ke7
23.Bc1 Rad8 24.a4 b4 25.Be3 Bc5 26.Rxd8 Rxd8 27.Bxh6 gxh6 28.Nxh6 Kf8 29.Nf7 Rd7
30.Qh5 Rxf7 31.Qh8+ Ke7 32.g7 Rxg7 33.Qxg7+ Kd8 34.Qg8+ Kd7 35.Qe6+ Kd8 36.Qxf6+ Kc8
37.Qh8+ Qd8 38.Qxd8+ Kxd8 39.Kg3 Nd6 40.Bd3 Ke7 41.Re1 Kf6 42.h4 Nbc8 43.Re2 Ne7
44.Kf3 Kg7 45.h5 Ne8 46.Bc4 Bd4  1/2-1/2

[Event "Belgorod-B"]
[Site "Belgorod"]
[Date "1991.??.??"]
[Round "?"]
[White "Gurevich, Vladimir"]
[Black "Pribyl, Martin"]
[Result "1/2-1/2"]
[WhiteElo "2435"]
[BlackElo "2315"]

1.e4 d6 2.d4 Nf6 3.Nc3 c6 4.f4 Qa5 5.Bd3 e5 6.Nf3 Bg4 7.Be3 exd4 8.Bxd4 Qb4
9.a3 Qxd4 10.Nxd4 Bxd1 11.Rxd1 Nbd7 12.O-O O-O-O 13.Nf3 h6 14.h3 Nb6 15.Rde1 d5
16.e5 Nfd7 17.f5 Bc5+ 18.Kh1 Rhe8 19.b4 Bf8 20.e6 fxe6 21.fxe6 Nf6 22.Bg6 Re7
23.Ne5 Kc7 24.Bf7 Kb8 25.Ng6 Rc7 26.Nxf8 Rxf8 27.Rxf6 gxf6 28.e7 Rxe7 29.Rxe7 Nc8
30.Rd7 Nb6 31.Re7 Nc8 32.Rd7 Nb6  1/2-1/2

[Event "Belgorod-B"]
[Site "Belgorod"]
[Date "1991.??.??"]
[Round "?"]
[White "Panchenko, Alexandar G"]
[Black "Sericano, Claudio"]
[Result "1-0"]
[WhiteElo "2430"]
[BlackElo "2305"]

1.d4 d6 2.e4 Nf6 3.Nc3 e5 4.dxe5 dxe5 5.Qxd8+ Kxd8 6.Bc4 Be6 7.Bxe6 fxe6
8.Nf3 Bd6 9.Be3 a6 10.h3 Ke7 11.Nd2 Nc6 12.a3 Nd4 13.O-O-O c5 14.Rhe1 b5
15.Ncb1 Rhc8 16.f4 Ne8 17.fxe5 Bxe5 18.Nf3 Bg3 19.Bg5+ Kf7 20.Rf1 Kg6 21.Be3 e5
22.Rd3 c4 23.Rdd1 Nc6 24.Nc3 Rd8 25.Ne2 Bf4 26.Bxf4 exf4 27.Nxf4+ Kh6 28.g4 Rxd1+
29.Rxd1 g5 30.Ne6 Kg6 31.Rd7 h6 32.e5 Nxe5 33.Nxe5+ Kf6 34.Nxg5 hxg5 35.Nf3 Ke6
36.Rd1 Kf6 37.Rd5 Ng7 38.Nxg5 Rh8 39.Kd2 Ne8 40.Rf5+ Kg6 41.Ne6 Nd6 42.Nf4+ Kg7
43.Nh5+ Kg8 44.Rd5 Rh6 45.Ke3 Re6+ 46.Kf4 Nf7 47.Ng3 Re1 48.g5 Kg7 49.h4 Rb1
50.h5 Rxb2 51.Nf5+ Kg8 52.Rc5 Nxg5 53.Kxg5 Rxc2 54.h6 Rg2+ 55.Kf6 Kh7 56.Rc7+ Kh8
57.Nh4 Rf2+ 58.Kg5 Rh2 59.Ng6+  1-0

[Event "Belgorod-B"]
[Site "Belgorod"]
[Date "1991.??.??"]
[Round "?"]
[White "Arkhangelsky, Mikhail"]
[Black "Sericano, Claudio"]
[Result "1-0"]
[WhiteElo "2255"]
[BlackElo "2305"]

1.e4 d6 2.d4 Nf6 3.Nc3 e5 4.dxe5 dxe5 5.Qxd8+ Kxd8 6.Bc4 Be6 7.Bxe6 fxe6
8.Nf3 Bd6 9.Be3 Ke7 10.Nd2 a6 11.f3 b5 12.Nb3 Nc6 13.O-O-O Rhb8 14.Rd3 a5
15.a4 bxa4 16.Nxa4 Rb4 17.Nbc5 Nd4 18.c3 Nb3+ 19.Kc2 Nxc5 20.Nxc5 Rb5 21.Na4 Rab8
22.c4 Rb4 23.b3 Kf7 24.Bd2 R4b7 25.Bxa5 Nd7 26.Bxc7 Bxc7 27.Rxd7+ Ke8 28.Rxg7  1-0

[Event "Belgorod-B"]
[Site "Belgorod"]
[Date "1991.??.??"]
[Round "?"]
[White "Jurkovic, Ante"]
[Black "Sericano, Claudio"]
[Result "0-1"]
[WhiteElo "2325"]
[BlackElo "2305"]

1.e4 d6 2.d4 Nf6 3.Nc3 e5 4.Nf3 exd4 5.Nxd4 g6 6.Bg5 Bg7 7.Qd2 h6 8.Bf4 g5
9.Be3 Ng4 10.O-O-O Nxe3 11.fxe3 Bg4 12.Be2 Bxe2 13.Qxe2 Qd7 14.Rhf1 Nc6 15.Qh5 Rf8
16.Nd5 Nxd4 17.exd4 O-O-O 18.Ne3 Qe6 19.Nf5 Bh8 20.a3 c5 21.Qxh6 Qa2 22.Rf3 Kb8
23.Rb3 c4 24.Rb4 c3 25.bxc3 Qxa3+ 26.Kd2 Be5 27.Qxg5 Rg8 28.Qe7 Bf4+ 29.Kd3 Qa6+
30.c4 Rde8 31.Qxf7 Ref8 32.Qd5 Rxg2 33.Qb5 Qxb5 34.cxb5 Rxh2 35.c4 Rfh8 36.e5 dxe5
37.Ke4 Bd2 38.Rb2 Bc3 39.Rxh2 Rxh2 40.dxe5 Re2+ 41.Kd5 Rxe5+ 42.Kd6 Rxf5
43.Rd3 Bb4+ 44.Kd7 Rf4  0-1

[Event "Belgrade op"]
[Site "Belgrade"]
[Date "1991.??.??"]
[Round "?"]
[White "Karaklajic, Nikola"]
[Black "Andonov, Bogomil"]
[Result "0-1"]
[WhiteElo "2375"]
[BlackElo "2365"]

1.e4 d6 2.d4 Nf6 3.Nc3 Nbd7 4.Nf3 e5 5.Bc4 Be7 6.Ng5 O-O 7.Bxf7+ Rxf7 8.Ne6 Qe8
9.Nxc7 Qd8 10.Nxa8 b6 11.dxe5 Nxe5 12.Bf4 Ng6 13.Be3 Ba6 14.Nxb6 axb6 15.Qd4 Nh4
16.O-O-O Nxg2 17.Qxb6 Qc8 18.Bd4 Nd7 19.Qa5 Nb8 20.Nd5 Bg5+ 21.Kb1 Be2 22.Rdg1 Bf3
23.h4 Bd8 24.Qc3 Qxc3 25.Nxc3 Nc6 26.Nb5 Nxd4 27.Nxd4 Bxe4  0-1

[Event "Berliner Sommer"]
[Site "Berlin"]
[Date "1991.??.??"]
[Round "?"]
[White "Von Herman, Ulf"]
[Black "Bagirov, Vladimir"]
[Result "0-1"]
[WhiteElo "2270"]
[BlackElo "2485"]

1.d4 d6 2.e4 Nf6 3.Nc3 c6 4.a4 e5 5.Nge2 Nbd7 6.g3 Be7 7.Bg2 O-O 8.h3 Re8
9.O-O Bf8 10.Re1 a5 11.b3 Qc7 12.Be3 b6 13.g4 exd4 14.Bxd4 Ne5 15.Ng3 Nfd7
16.Qd2 Nc5 17.f4 Ng6 18.Nh5 Bb7 19.Qf2 Rad8 20.Rad1 Rd7 21.g5 Rdd8 22.h4 Qc8
23.Qg3 b5 24.Kh1 b4 25.Nb1 d5 26.f5 Nxe4 27.Bxe4 Rxe4 28.fxg6 hxg6 29.Nf4 c5
30.Bf2 Rxf4 31.Qxf4 Bd6 32.Re5 Bxe5  0-1

[Event "Kreuzberg"]
[Site "Berlin"]
[Date "1991.??.??"]
[Round "10"]
[White "Rabiega, Robert"]
[Black "Lagunow, Alexander"]
[Result "1-0"]
[WhiteElo "2325"]
[BlackElo "2445"]

1.e4 d6 2.d4 Nf6 3.Nc3 c6 4.Nf3 Bg4 5.Be2 e6 6.O-O Be7 7.Be3 O-O 8.Nd2 Bxe2
9.Qxe2 Qb6 10.e5 Nd5 11.Nc4 Nxc3 12.bxc3 Qa6 13.exd6 Bxd6 14.Bh6 Rd8 15.Bg5 Re8
16.Qd3 Bc7 17.f4 f6 18.Bh4 Nd7 19.Nb2 Qxd3 20.Nxd3 Ba5 21.Rab1 b5 22.Be1 Nb6
23.f5 exf5 24.Rxf5 Nd5 25.c4 Ne3 26.Rc5 Bb6 27.Rxc6 bxc4 28.Nc5 Nxc2 29.Bf2 Re2
30.Nd7 Bxd4 31.Bxd4 Nxd4 32.Rxc4 Nf5 33.Rf4 Rd8 34.Rd1 Rxd7 35.Rxd7 Ne3 36.Re4  1-0

[Event "Bern"]
[Site "Bern"]
[Date "1991.??.??"]
[Round "9"]
[White "Gallagher, Joseph G"]
[Black "Barbero, Gerardo F"]
[Result "1/2-1/2"]
[WhiteElo "2520"]
[BlackElo "2495"]

1.e4 d6 2.d4 Nf6 3.Nc3 Nbd7 4.Nf3 e5 5.Bc4 Be7 6.O-O O-O 7.Re1 c6 8.a4 Qc7
9.h3 b6 10.Bg5 Bb7 11.d5 cxd5 12.Bxd5 Bxd5 13.Nxd5 Nxd5 14.Qxd5 Bxg5 15.Nxg5 Nf6
16.Qd3 h6 17.Nf3 Rac8 18.c3 Rfd8 19.Rad1 d5 20.exd5 Rxd5 21.Qf5 Rxd1 22.Rxd1 e4
23.Ne5 Rd8 24.Rxd8+ Qxd8 25.Ng4  1/2-1/2

[Event "Biel op"]
[Site "Biel"]
[Date "1991.??.??"]
[Round "10"]
[White "Namyslo, Holger"]
[Black "Tyrtania, Maximilian"]
[Result "1-0"]
[WhiteElo "2230"]
[BlackElo "2245"]

1.e4 d6 2.d4 Nf6 3.Nc3 Nbd7 4.Nf3 e5 5.Bc4 Be7 6.O-O O-O 7.Re1 c6 8.a4 exd4
9.Qxd4 Nb6 10.Bb3 Bg4 11.Qd3 d5 12.exd5 Nbxd5 13.Nxd5 cxd5 14.Bg5 Bh5 15.Ne5 Rc8
16.Qh3 Bg6 17.Nxg6 hxg6 18.Qh4 Re8 19.Rad1 Qa5 20.Bd2 Qb6 21.Be3 Qa5 22.c3 Rcd8
23.Qh3 b5 24.Rd4 Bc5 25.Rh4 Nh5 26.g4 d4 27.gxh5 dxe3 28.hxg6 exf2+ 29.Kg2 fxe1=N+
30.Kf1 Kf8 31.Qf5 Qc7 32.Rh8+ Ke7 33.Qxf7+ Kd6 34.Qd5+ Ke7 35.Qe6+  1-0

[Event "BRA-ch m"]
[Site "?"]
[Date "1991.??.??"]
[Round "1"]
[White "Madeira, Wagner Martins"]
[Black "Correa, Aron A"]
[Result "0-1"]
[WhiteElo "2290"]
[BlackElo "2345"]

1.e4 d6 2.d4 Nf6 3.Nc3 c6 4.g3 e5 5.Bg2 Be7 6.Nge2 O-O 7.O-O Na6 8.h3 Re8
9.b3 exd4 10.Nxd4 Nc5 11.Bb2 Bf8 12.Re1 a5 13.a3 a4 14.Qd2 Qb6 15.b4 Ncd7
16.Rad1 Ne5 17.Qe2 c5 18.Nf5 Bxf5 19.exf5 cxb4 20.Qb5 Qxb5 21.Nxb5 bxa3 22.Bxa3 Nc4
23.Rxe8 Rxe8 24.Bb4 d5 25.Bc3 Ne4 26.Rxd5 Nxc3 27.Nxc3 a3 28.Rd7 b5 29.Bd5 Re7
30.Rd8 Rc7 31.Na2 Nd6 32.Bb3 Nxf5 33.Rd5 g6 34.Kf1 Bc5 35.Nc3 Nd4 36.Rd8+ Kg7
37.Rxd4 Bxd4 38.Nxb5 a2 39.Bxa2 Rxc2 40.Nxd4 Rxa2 41.Kg2 Kf6 42.Nf3 h6 43.Nd4 Ke5
44.Nf3+ Ke4 45.Nh2 f5 46.Nf3 g5 47.Nh2 f4 48.gxf4 gxf4 49.Nf3 Rc2 50.Nh2 Rc6
51.Ng4 h5 52.Nh2 Rg6+ 53.Kh1 Rg7  0-1

[Event "CSR-ch"]
[Site "Bratislava"]
[Date "1991.??.??"]
[Round "5"]
[White "Dobrovolsky, Ladislav"]
[Black "Vokac, Marek"]
[Result "0-1"]
[WhiteElo "2395"]
[BlackElo "2455"]

1.e4 d6 2.d4 Nf6 3.Nc3 c6 4.Nf3 Bg4 5.Be2 e6 6.O-O Be7 7.Ng5 Bxe2 8.Qxe2 d5
9.e5 Nfd7 10.Qg4 Qb6 11.Rb1 h5 12.Qd1 a5 13.Na4 Qd8 14.h4 b5 15.Qf3 Bxg5
16.Bxg5 Qc7 17.Nc3 Nf8 18.Ne2 Nbd7 19.b3 Ng6 20.Ng3 f6 21.Qd3 Ne7 22.exf6 gxf6
23.Bd2 Kf7 24.c4 b4 25.Qf3 Ng6 26.cxd5 cxd5 27.Rbc1 Qb6 28.Rfe1 Nxh4 29.Qe2 Rae8
30.Bf4 Ng6 31.Nxh5 e5 32.dxe5 Ndxe5 33.Qd1 d4 34.Bxe5 Rxe5 35.Rxe5 Nxe5 36.Nf4 Qd6
37.Qc2 d3 38.Qd2 Rd8 39.Nh3 Ng4 40.Nf4 Qe5 41.g3 Kg8 42.Rd1 Qe4 43.Re1 Qh7
44.f3 Ne5 45.Re3 Qc7 46.Nxd3 Qd6 47.Qc1 Nxd3 48.Qc4+ Kf8 49.Qh4 Ne5 50.Qh8+ Ke7
51.Qh7+ Ke8 52.Qh5+ Kd7 53.f4 Nc6 54.Kf1 Kc7  0-1

[Event "Brno Morava-C"]
[Site "Brno"]
[Date "1991.??.??"]
[Round "2"]
[White "Faibisovich, Vadim Z"]
[Black "Pribyl, Josef"]
[Result "1/2-1/2"]
[WhiteElo "2415"]
[BlackElo "2390"]

1.e4 d6 2.d4 Nf6 3.Nc3 c6 4.Nf3 Bg4 5.Be2 e6 6.O-O Be7 7.e5 dxe5 8.Nxe5 Bxe2
9.Nxe2 Nbd7 10.Bf4 O-O 11.c4 Qb6 12.Nxd7 Nxd7 13.Qc2 Rfd8 14.Rad1 Nf8  1/2-1/2

[Event "Brno Morava-D"]
[Site "Brno"]
[Date "1991.??.??"]
[Round "6"]
[White "Danek, Libor"]
[Black "Pribyl, Martin"]
[Result "1/2-1/2"]
[WhiteElo "2350"]
[BlackElo "2305"]

1.e4 d6 2.d4 Nf6 3.Nc3 c6 4.f4 Qa5 5.Bd3 e5 6.Nf3 Bg4 7.Be3 Nbd7 8.O-O Be7
9.h3 Bxf3 10.Qxf3 O-O 11.g4 exf4 12.Bxf4 Qb6 13.Ne2 Ne5 14.Bxe5 dxe5 15.Kh1 exd4
16.e5 Nd5 17.Qe4 g6 18.Nxd4 Rae8 19.e6 fxe6 20.Nxe6 Rxf1+ 21.Rxf1 Qe3 22.Qxe3 Nxe3
23.Re1 Nd5 24.Nd4  1/2-1/2

[Event "Brno Morava-A"]
[Site "Brno"]
[Date "1991.??.??"]
[Round "6"]
[White "Murshed, Niaz"]
[Black "Mokry, Karel"]
[Result "1/2-1/2"]
[WhiteElo "2510"]
[BlackElo "2525"]

1.d4 d6 2.e4 Nf6 3.Nc3 c6 4.h3 Nbd7 5.Nf3 e5 6.a4 Be7 7.Bc4 O-O 8.O-O Nxe4
9.Nxe4 d5 10.Bb3 dxe4 11.Nxe5 Nxe5 12.dxe5 Bf5 13.Bf4 Bc5 14.Qh5 Be6 15.Bxe6 fxe6
16.Qg4 Rf5 17.Rad1 Qe7 18.Bg3 e3 19.fxe3 Bxe3+ 20.Kh2 Qf7 21.Rxf5 exf5 22.Qf3 Bb6
23.Qf4 Re8 24.Rf1 Qe6 25.Qxf5 Qxf5 26.Rxf5 Bc7 27.h4 g6 28.Rg5 Kg7 29.h5 Rd8
30.Rg4 Rd2 31.b3 a5 32.Kh3 Re2 33.hxg6 hxg6 34.Rd4 Bxe5 35.Bxe5+ Rxe5 36.Rd7+ Kf6
37.Rxb7 Re2 38.c4 Rb2 39.g3 Ke5 40.Kg4 Kd4 41.Kg5 Kc3 42.c5 Rxb3 43.Rb6 Kc4
44.g4 Rb4 45.Rxc6 Rxa4 46.Rc8 Kb5 47.c6  1/2-1/2

[Event "Brno Morava-D"]
[Site "Brno"]
[Date "1991.??.??"]
[Round "8"]
[White "Belaska, Premysl"]
[Black "Pribyl, Martin"]
[Result "0-1"]
[WhiteElo "2310"]
[BlackElo "2305"]

1.e4 d6 2.d4 Nf6 3.Nc3 c6 4.f4 Qa5 5.Bd2 e5 6.Nf3 exd4 7.Nxd4 Qb6 8.Nb3 a5
9.a4 Na6 10.Be2 Nb4 11.Bf3 Be6 12.Nc1 d5 13.Nd3 dxe4 14.Nxe4 Nxd3+ 15.cxd3 Nxe4
16.dxe4 O-O-O 17.Qe2 Qxb2 18.Rd1 Rxd2 19.Rxd2 Bb4 20.Qd3 Qxd2+ 21.Qxd2 Rd8
22.Qxb4 axb4 23.f5 Bb3 24.a5 Bc2  0-1

[Event "Brno Morava-D"]
[Site "Brno"]
[Date "1991.??.??"]
[Round "10"]
[White "Priehoda, Vitezslav"]
[Black "Pribyl, Martin"]
[Result "1-0"]
[WhiteElo "2365"]
[BlackElo "2305"]

1.e4 d6 2.d4 Nf6 3.Nc3 c6 4.f3 Nbd7 5.Be3 e5 6.Qd2 Be7 7.Nh3 O-O 8.a4 exd4
9.Bxd4 Ne5 10.Nf4 Re8 11.Be2 Bf8 12.O-O Qe7 13.a5 Ng6 14.Rfe1 Nxf4 15.Qxf4 Nd7
16.Bf1 Ne5 17.Qg3 f6 18.f4 Nf7 19.Qf2 a6 20.Na4 Be6 21.c4 Nh6 22.b4 f5 23.Nb6 Rad8
24.exf5 Nxf5 25.Bc3 Qf7 26.g4 Qg6 27.h3 h5 28.g5 d5 29.cxd5 cxd5 30.Rad1 Nd6
31.Be5 Ne4 32.Qd4 Be7 33.Bg2 Bxg5 34.fxg5 Nxg5 35.Kh1 Nxh3 36.Bc7 Rf8 37.Rxe6 Qf5
38.Re7 Nf2+ 39.Kg1 Rf6 40.Bxd8 Nxd1 41.Re8+ Kh7 42.Bxf6  1-0

[Event "Escom IM-A"]
[Site "Budapest"]
[Date "1991.??.??"]
[Round "1"]
[White "Guzijan, Miodrag"]
[Black "Sokolovs, Andrei"]
[Result "0-1"]
[WhiteElo "2300"]
[BlackElo "2360"]

1.e4 d6 2.d4 Nf6 3.Nc3 c6 4.f4 Qa5 5.Bd2 Qc7 6.Nf3 Bg4 7.e5 Nd5 8.h3 Bf5
9.Nh4 Bd7 10.Bc4 e6 11.Qe2 Nxc3 12.bxc3 d5 13.Bd3 c5 14.Qf2 Nc6 15.Nf3 cxd4
16.cxd4 Nb4 17.Bxb4 Bxb4+ 18.Kf1 Ba4 19.g4 O-O-O 20.Kg2 Kb8 21.Rab1 Ba3 22.Rhe1 Ka8
23.Qd2 Rc8 24.Re2 h6 25.f5 Qd8 26.Qe1 Rc6 27.Qf2 Qc7 28.h4 Rc8 29.Ne1 Be7
30.h5 Rc3 31.fxe6 fxe6 32.Qf7 Bg5 33.Qxc7 R3xc7 34.Rb4 Be8 35.Rb2 Be7 36.Bh7 Rc4
37.Nf3 Bd8 38.Bd3 Ra4 39.Rd2 Ba5 40.Re2 Bc3 41.Rb1 Rxa2 42.Bb5 Bxb5 43.Rxb5 Ra4
44.Rf2 b6 45.g5 Bxd4  0-1

[Event "Spring op"]
[Site "Budapest"]
[Date "1991.??.??"]
[Round "2"]
[White "Christensen, Tobias"]
[Black "Magomedov, Magaram"]
[Result "1/2-1/2"]
[WhiteElo "2300"]
[BlackElo "2470"]

1.e4 d6 2.d4 Nf6 3.Nc3 c6 4.f4 Qa5 5.e5 Ne4 6.Qf3 d5 7.Bd3 Nxc3 8.Bd2 e6
9.bxc3 Qa4 10.Ne2 c5 11.dxc5 Bxc5 12.Be3 Nd7 13.O-O a6 14.Bd4 g6 15.Qe3 Bxd4
16.cxd4 b5 17.a3 Nb6 18.Qd2 Bd7 19.Qb4 Rc8 20.Rfb1 Rc6 21.Rb3 Qxb4 22.axb4 Na4
23.Raa3 Ke7 24.Nc3 Rb6 25.Kf2 Rc8 26.Ke3 Rbc6 27.Kd2 Nb6 28.Ne2 R8c7 29.g3 h6
30.Rc3 Nc4+ 31.Bxc4 dxc4 32.Rf3 Rb6 33.Nc3 Bc6 34.Rf2 Ra7 35.Ra5 Rc7 36.Ke3 Bb7
37.Ra1 Ba8 38.Ra2 Bb7 39.Ra3 Rc8 40.Ra1 Rc7 41.Rd2  1/2-1/2

[Event "Schneider mem op"]
[Site "Budapest"]
[Date "1991.??.??"]
[Round "2"]
[White "Almasi, Istvan"]
[Black "Mozes, Ervin"]
[Result "1-0"]
[WhiteElo "2280"]
[BlackElo "2375"]

1.e4 Nf6 2.Nc3 d6 3.d4 c6 4.Bg5 Nbd7 5.f4 Qb6 6.Qd2 Qxb2 7.Rb1 Qa3 8.Bd3 e5
9.Nf3 Be7 10.Rb3 Qa5 11.O-O exd4 12.Nxd4 Nc5 13.Rbb1 h6 14.Bh4 Nfxe4 15.Bxe4 Nxe4
16.Qe3 Bxh4 17.Qxe4+ Kf8 18.Rf3 d5 19.Qe5 Bf6 20.Qd6+ Be7 21.Qe5 Bf6 22.Qd6+ Kg8
23.Nxc6 bxc6 24.Qxc6 Bxc3 25.Qxa8 Qc5+ 26.Kh1 Kh7 27.Rd3 Be6 28.Qb7 Rd8 29.h3 d4
30.Rb5 Bd5 31.Rxc5 Bxb7 32.Rcxc3 Be4 33.Rd2 dxc3 34.Rxd8 Bxc2 35.Rc8 Bb1
36.a3 c2 37.g4 a5 38.Kg1 a4 39.Kf2 f5 40.gxf5 c1=B 41.Rxc1 Bxf5 42.Rc4 Bd7
43.Rd4 Be8 44.Rd6 Kg8 45.Ke3 Kf7 46.Kd4 Ke7 47.Ke5 Bf7 48.Ra6 Bb3 49.Ra7+ Kf8
50.h4 Bd1 51.Kd6 Kg8 52.Kc5 Kh7 53.Ra6  1-0

[Event "Spring op"]
[Site "Budapest"]
[Date "1991.??.??"]
[Round "3"]
[White "Utasi, Tamas"]
[Black "Titov, German"]
[Result "0-1"]
[WhiteElo "2345"]
[BlackElo "2480"]

1.e4 d6 2.d4 Nf6 3.Nc3 c6 4.f4 g6 5.Nf3 Bg7 6.Be2 O-O 7.O-O Na6 8.Kh1 Nc7
9.a4 b6 10.Be3 c5 11.Qd2 Bb7 12.e5 Nfd5 13.Nxd5 Nxd5 14.Bg1 Bh6 15.Ng5 dxe5
16.dxe5 Nb4 17.Rad1 Qxd2 18.Rxd2 Rad8 19.Rfd1 Rxd2 20.Rxd2 Bxg5 21.fxg5 Be4
22.c3 Nc6 23.Bb5 Rd8 24.Rxd8+ Nxd8 25.a5 Bc6 26.Be2 Ne6 27.axb6 Nf4 28.Bf1 axb6
29.Be3 Nd5 30.Bd2 Kf8 31.Kg1 Ke8 32.Kf2 Nc7 33.g3 Bd5 34.b4 c4 35.Be3 Nb5
36.Bxb6 Nxc3 37.Bd4 Nb5 38.Bb2 Kd7 39.Ke3 Kc6 40.Be2 Nc7 41.Kd2 Kb5 42.Kc3 Na6
43.Bc1 e6 44.Bf1 Nxb4 45.Ba3 Na2+ 46.Kb2 Ka4  0-1

[Event "Escom IM-A"]
[Site "Budapest"]
[Date "1991.??.??"]
[Round "3"]
[White "Rosenthal, Dirk"]
[Black "Sokolovs, Andrei"]
[Result "0-1"]
[WhiteElo "2345"]
[BlackElo "2360"]

1.e4 d6 2.d4 Nf6 3.Nc3 c6 4.Be3 Nbd7 5.Nf3 e5 6.h3 Be7 7.a4 O-O 8.Be2 Qc7
9.O-O b6 10.Nd2 a6 11.f4 Bb7 12.Qe1 b5 13.Bf3 Rfe8 14.Ne2 Bf8 15.c3 exd4
16.cxd4 Nxe4 17.Bxe4 d5 18.Bxh7+ Kxh7 19.Rf3 Nf6 20.f5 Bd6 21.Qh4+ Kg8 22.g4 Ne4
23.Nf1 Qe7 24.Qh5 Nf6 25.Qh4 Qe4 26.Rf2 Qd3 27.g5 Nh7 28.Neg3 Rxe3 29.Nxe3 Qxe3
30.g6 Qxg3+ 31.Qxg3 Bxg3 32.Rg2 Bh4 33.gxh7+ Kxh7 34.axb5 Bf6 35.Rd2 cxb5  0-1

[Event "Cansys"]
[Site "Budapest"]
[Date "1991.??.??"]
[Round "3"]
[White "Spiriev, Peter"]
[Black "Horvath, Jozsef"]
[Result "1/2-1/2"]
[WhiteElo "2285"]
[BlackElo "2540"]

1.e4 d6 2.d4 Nf6 3.Nc3 c6 4.f4 Qa5 5.Bd3 e5 6.Nf3 Bg4 7.Be3 Nbd7 8.Qd2 Be7
9.O-O-O O-O-O 10.Kb1 Rhe8 11.Qf2 exf4 12.Bxf4 Nf8 13.Rde1 Ne6 14.Be3 Bh5
15.h3 Bg6 16.d5 Nc5 17.dxc6 bxc6 18.Nd4 Nxd3 19.cxd3 Qa6 20.Nxc6 Qxc6 21.Rc1 Kd7
22.Nd5 Nxe4 23.Rxc6 Nxf2 24.Rc7+ Ke6 25.Nf4+ Kf5 26.Rf1 Nxd3 27.Nxd3+ Ke4
28.Nf4 Kxe3+ 29.Nxg6 fxg6 30.Rxe7+ Rxe7 31.Re1+ Kd2 32.Rxe7 d5 33.Rxa7 d4
34.a4 d3 35.Re7 Rd5 36.Re4 Ra5 37.g3 Kd1 38.g4 d2 39.b3 g5 40.Kb2 Ra6 41.Re5 Rc6
42.a5 Rc2+ 43.Kb1  1/2-1/2